Scheduling handbook (Record no. 28425)

MARC details
000 -LEADER
fixed length control field 00273nam a2200109Ia 4500
082 ## - DEWEY DECIMAL CLASSIFICATION NUMBER
Classification number 658.513(035)
Item number OBR
100 ## - MAIN ENTRY--AUTHOR NAME
Personal name Obrien, James J
245 #0 - TITLE STATEMENT
Title Scheduling handbook
260 ## - PUBLICATION, DISTRIBUTION, ETC. (IMPRINT)
Place of publication New York
Name of publisher McGraw Hill
Year of publication 1969
942 ## - ADDED ENTRY ELEMENTS (KOHA)
Koha item type Books
Holdings
Withdrawn status Lost status Damaged status Not for loan Home library Current library Date acquired Cost, normal purchase price Full call number Accession Number Koha item type
        RRII Library RRII Library 16/12/2021 29.50 658.513(035) OBR 09026 Books